Представление документа в формате RUSMARC

ПолеНазваниеЗначение
  Тип записи a
  Библиографический уровень m
001 Контрольный номер RU/IS/BASE/497376752
005 Дата корректировки 20240528142120.8
010 Индекс ISBN __
b Уточнения в пер.
d Цена 25 к.
9 Тираж экз.
100 Данные общей обработки __
a Данные общей обработки 20151005d2015 ||| 0rusy0189 ca
101 Язык документа 0_
a Язык текста rus
102 Страна публикации __
a Страна публикации RU
105 Кодированные данные (монография) __
a Кодированные данные (монография) y###||||000|y
200 Заглавие и сведения об ответственности 1_
a Заглавие Вакуум для науки и техники
b Общее обозначение материала Текст
f Первые сведения об ответственности Л. А. Ашкинази
210 Выходные данные 1_
a Место издания Москва
c Издательство Наука
d Дата издания 1987
215 Физическое описание __
a Объем 128 с.
d Формат см.
225 Серия 0_
a Серия Библиотечка "Квант" ; Вып. 58
300 Общие примечания __
a Общие примечания Ограничения по возрасту - +
300 Общие примечания __
a Общие примечания Под инв. номером 22916: 4-1
686 Индексы других классификаций __
a Классификационный индекс 31.7
2 Код системы ББК
700 Автор _0
a Фамилия Ашкинази
b Имя (инициалы) Л. А.
801 Источник записи _0
a Страна RU
b Организация МБУК ЦБС
c Дата составления 20151005
g Правила каталогизации RCR
801 Источник записи _1
a Страна RU
b Организация МБУК ЦБС г. Ульяновска
c Дата составления 20151005
g Правила каталогизации RCR
899 Данные о местонахождении __
i Авторский знак А 98
j Расстановочный фильтр 31.7
901 Тип документа __
t Тип документа m
910 Корректоры записи __
a Корректор записи Егорова